000 00822cam a22002291 4500
001 gs 05001006
003 DLC
005 20260227111302.0
008 830221s1839 enkb 000 0 eng c
010 _ags 05001006
035 _a(OCoLC)9240840
040 _aLibrary, U.S. Geol.
_cTxDaM
_dTxDaM
_dDLC
042 _apremarc
050 0 0 _aQH1
_b.A893
051 _aQE71
_b.D3
_cCopy 2.
100 1 _aDaubeny, Charles,
_d1795-1867.
245 1 0 _aSketch of the geology of North Amrica,
_bbeing the substance of a memoir read before the Ashmolean Society Nov. 26, 1838.
_cBy Charles Daubeny.
260 _aOxford,
_bPrinted by T. Combe, printer to the University, for the Ashmolean Society,
_c1839.
300 _axviii, 73 p.
_bfront. (fold. map)
_c23 cm.
650 0 _aGeology
_zNorth America.
710 2 _aAshmolean Society.
999 _c24331
_d24331